| 000 | 00518nam a2200157Ia 4500 | ||
|---|---|---|---|
| 008 | 170221s9999 xx 000 0 und d | ||
| 100 | _aBensheng Qi | ||
| 245 | _aTasks Scheduling of Actuators Algorithm Based on PSO-ACO for WSAN | ||
| 245 | _cBensheng Qi, Xuejiao Miao, Hongxia Miao, and Zhixiang Deng | ||
| 260 | _bJournal of Communications | ||
| 260 | _c2014 | ||
| 300 | _a17 : | ||
| 650 | _xCommunication | ||
| 650 | _xMedia Arts | ||
| 856 | _uhttp://www.jocm.us/index.php?m=content&c=index&a=lists&catid=189 | ||
| 999 |
_c308798 _d308798 |
||